01633nmc a2200445 a 4500003000900000005001700009008004100026040001300067100002500080245005500105260003100160300003100191490004100222500012200263500007800385504005600463650001300519650002300532650002400555650001800579650002400597650002600621650002700647650002100674650002200695650002900717653001200746653002200758653002300780700002900803700003700832700004500869700003700914700004200951700003400993700003901027700003201066700005201098700003701150AR-BaBNM20251128203809.0177019s1969 ||||||||||||||000 | spa|| cAR-BaBNM1 aGermani, Celia C. de10aTeoría y práctica de la educación preescolar aBuenos AiresbEudebac19690 a402 p.bil., diagr.,tablas 0aLa Escuela en el Tiempo. Educación0 aContiene en apéndice una clasificación de libros para la biblioteca del preescolar realizada por Gloria Tarantino1 aEjemplar no. 142770: donación Fainholc, corresponde a la 2ª ed.de 1970 aContiene bibliografía al final de cada capítulo 4aINFANCIA 4aEDUCACION DEL NINO 4aPSICOLOGIA DEL NINO 4aSOCIALIZACION 4aINFLUENCIA FAMILIAR 4aACTIVIDADES ESCOLARES 4aENSENANZA DE LA MUSICA 4aEDUCACION FISICA 4aJUEGOS EDUCATIVOS 4aRELACION FAMILIA-ESCUELA 0aTITERES 0aEDUCACION INICIAL 0aEXPRESION CORPORAL1 aReca, Telmaecolaborador1 aOrtiz, Raquel W. deecolaborador1 aBidner Fernández, Paulinaecolaborador1 aBabini, Ana Maríaecolaborador1 aHemsy de Gainza, Violetaecolaborador1 aStokoe, Patriciaecolaborador1 aGonzález, Lady Elbaecolaborador1 aLewis, Claudiaecolaborador1 aGiménez Pastor de Viacava, Martaecolaborador1 aAlgañaraz, Susanaecolaborador